000 00314cam a22001097a 4500
008 180718b1962 xxu||||| |||| 00| 0 eng d
082 _aR6403x54 In2
245 _aMaternity benefit act, 1961
_cby Ministry of Law
260 _aDelhi
_bManager of Publications
_c1962
300 _a11p
700 _aIndia. Ministry of Law
999 _c496195
_d496195